Русь. [Кн. 4: Великая Отечественная война СССР с нацистским рейхом (Запись № 13335770)
[ простой вид ]
| 000 -МАРКЕР | |
|---|---|
| контрольное поле | 01140nam2a2200229 4500 |
| 001 - ИДЕНТИФИКАТОР ЗАПИСИ | |
| контрольное поле | RU\NLR\BIBL_A\022410985 |
| 005 - ИДЕНТИФИКАТОР ВЕРСИИ | |
| контрольное поле | 20250113092208.0 |
| 021 ## - НОМЕР ГОСУДАРСТВЕННОЙ РЕГИСТРАЦИИ | |
| Код страны | Российская Федерация |
| Номер | КН-П-24-067781 |
| Номер Листа государственной регистраци | КН-П-24-6761 |
| 035 ## - ДРУГИЕ СИСТЕМНЫЕ НОМЕРА | |
| Идентификатор записи | (NLR Aleph) 022410985 |
| 100 ## - ДАННЫЕ ОБЩЕЙ ОБРАБОТКИ | |
| Данные общей обработки | 20241213d2024 u y0rusy50 ca |
| 101 0# - ЯЗЫК РЕСУРСА | |
| Язык текста, звукозаписи и т.д. | русский |
| 102 ## - СТРАНА ПУБЛИКАЦИИ ИЛИ ПРОИЗВОДСТВА | |
| Страна публикации | Российская Федерация |
| 105 ## - ПОЛЕ КОДИРОВАННЫХ ДАННЫХ: ТЕКСТОВЫЕ МАТЕРИАЛЫ, МОНОГРАФИЧЕСКИЕ | |
| Кодированные данные о монографическом текстовом документе | o z 000gy |
| 200 1# - ЗАГЛАВИЕ И СВЕДЕНИЯ ОБ ОТВЕТСТВЕННОСТИ | |
| Основное заглавие | Великая Отечественная война СССР с нацистским рейхом |
| Сведения, относящиеся к заглавию | в трёх частях |
| Обозначение и номер части | Ч. 2] |
| 210 ## - ПУБЛИКАЦИЯ, РАСПРОСТРАНЕНИЕ И ДР. | |
| Дата издания, распространения и т.д. | 2024 |
| 215 ## - ФИЗИЧЕСКАЯ ХАРАКТЕРИСТИКА | |
| Специфическое обозначение материала и объем | 302 с. |
| Другие сведения о физической характеристике | ил. |
| 461 #0 - УРОВЕНЬ НАБОРА | |
| Встроенное поле | 001RU\NLR\BIBL_A\022118611 |
| -- | 2001#$aРусь$eпоэтическая летопись-эпопея в шести книгах из цикла Цивилизация$fС. Д. Атнилов$v[Кн. 4 |
| -- | 700#1$aАтнилов$bС. Д. |
| Системный номер (АБИС) связанной записи | 12800220 |
| Автор | Атнилов, С. Д. |
| Место публикации | Москва |
| Дата публикации | 2023- |
| Первые сведения об ответственности | С. Д. Атнилов |
| Имя издателя, распространителя и т.д. | [б. и.] |
| Сведения, относящиеся к заглавию | поэтическая летопись-эпопея в шести книгах из цикла Цивилизация |
| Заглавие | Русь |
| Номер тома | [Кн. 4 |
| 942 ## - ДОПОЛНИТЕЛЬНЫЕ ЭЛЕМЕНТЫ ЗАПИСИ (АБИС) | |
| Тип экземпляра АБИС | Книга |
| 980 ## - КОЛЛЕКЦИЯ | |
| Название коллекции | Национальная библиография |
| Тип экземпляра | Дата поступления | Источник поступления | Библиотека постоянного хранения | Библиотека текущего хранения | Место хранения | Шифр хранения | Штрих-код | Статус экземпляра |
|---|---|---|---|---|---|---|---|---|
| Книга | 13.12.2024 | Обязательный экземпляр | РНБ (Московский) | РНБ (Московский) | Русский книжный фонд: издания с 1957 года | 2024-9/31 | 1-4796442 | |
| Книга | 13.12.2024 | Обязательный экземпляр | РНБ (Московский) | РНБ (Московский) | Русский книжный фонд: издания с 1957 года | 2024-9/31 | 1-4796443 |